书目信息 |
| 题名: |
《大学英语》(修订本)精读教案 第二册
|
|
| 作者: | 夏纪梅 主编 | |
| 分册: | ||
| 出版信息: | 上海 上海外语教育出版社 1999.02 |
|
| 页数: | 166页 | |
| 开本: | 32开 | |
| 丛书名: | ||
| 单 册: | ||
| 中图分类: | H319.4 | |
| 科图分类: | ||
| 主题词: | 英语 | |
| 电子资源: | ||
| ISBN: | 7-81046-473-6 | |
| 000 | 00577nam0 2200181 45 | |
| 001 | 0010040816 | |
| 005 | 20041202104117.94 | |
| 010 | @a7-81046-473-6@dCNY 7.60 | |
| 100 | @a20001004d1999 km y0chiy0120 ea | |
| 101 | 0 | @achi |
| 200 | 1 | @a《大学英语》(修订本)精读教案 第二册@A《Da Xue Ying Yu》(Xiu Ding Ben)Jing Du Jiao An DiEr Ce@f夏纪梅 主编@FXia Ji Mei Zhu Bian |
| 210 | @a上海@c上海外语教育出版社@d1999.02 | |
| 215 | @a166页@d32开 | |
| 606 | 0 | @a英语 |
| 690 | @aH319.4@v3 | |
| 701 | 0 | @a夏纪梅@4主编 |
| 801 | @aCN@bPftUser@c20041202 | |
| 905 | @b164194-198@dH319.4@eX503:2@f5 | |
| 《大学英语》(修订本)精读教案 第二册/夏纪梅 主编.-上海:上海外语教育出版社,1999.02 |
| 166页;32开 |
| ISBN 7-81046-473-6:CNY 7.60 |
| ● |
| 相关链接 |
|
|
|
正题名:《大学英语》(修订本)精读教案 第二册
索取号:H319.4/X503:2
 
预约/预借
| 序号 | 登录号 | 条形码 | 馆藏地/架位号 | 状态 | 备注 |
| 1 | 164194 | 201641946 | 语言库209/209语言库 49排7列5层/ [索取号:H319.4/X503:2] | 在馆 | |
| 2 | 164195 | 201641955 | 语言库209/209语言库 49排7列5层/ [索取号:H319.4/X503:2] | 在馆 | |
| 3 | 164196 | 201641964 | 语言库209/209语言库 49排7列5层/ [索取号:H319.4/X503:2] | 在馆 | |
| 4 | 164197 | 201641973 | 语言库209/209语言库 49排7列5层/ [索取号:H319.4/X503:2] | 在馆 | |
| 5 | 164198 | 201641982 | 语言库209/209语言库 49排7列5层/ [索取号:H319.4/X503:2] | 在馆 | |
| 6 | 429502 | 204295020 | 语言库209/209语言库 49排7列5层/ [索取号:H319.4/X503:2] | 在馆 | |
| 7 | 429503 | 204295039 | 语言库209/209语言库 49排7列5层/ [索取号:H319.4/X503:2] | 在馆 | |
| 8 | 429504 | 204295048 | 语言库209/209语言库 49排7列5层/ [索取号:H319.4/X503:2] | 在馆 |